000 00549nam a2200169Ia 4500
008 220216s9999 xx 000 0 und d
100 _aPeres Filho O
245 0 _aPopulation dynamics of Leptopharsa heveae Drake & Poor, 1935 (Hemiptera, Tingidae) on clones of rubber trees, in Rosario Oeste, State of Mato Grosso, Brazil
260 _bRevista de Agricultura Piracicaba
_c2005
300 _a113-126
650 _aRubber clones
700 _aBerti Filho E
700 _aDall Oglio O T
700 _aDorval A
856 _uCAB CD
942 _cJS
999 _c65310
_d65310